Loading...
| Literature - British Literature | 0 | 3 | 0 | 0 | 30 | 77 | 113.67 | 0 | 1 |
| Literature - European Literature | 0 | 2 | 0 | 0 | 20 | 90 | 100.50 | 0 | 1 |
| Literature - World/Other Literature | 0 | 2 | 0 | 0 | 20 | 101 | 112.00 | 0 | 1 |
| Science - Biology | 0 | 2 | 0 | 0 | 20 | 88 | 96.50 | 0 | 2 |
| Science - Chemistry | 0 | 2 | 0 | 1 | 20 | 36 | 82.50 | 1 | 1 |
| Science - Physics | 0 | 1 | 0 | 0 | 10 | 89 | 89.00 | 0 | 1 |
| Mythology | 0 | 1 | 0 | 0 | 10 | 56 | 56.00 | 0 | 0 |
| Literature - American Literature | 0 | 1 | 1 | 0 | 5 | 140 | 140.00 | 0 | 0 |
| Science - Other Science | 0 | 1 | 1 | 0 | 5 | 52 | 52.00 | 0 | 1 |
| Social Science | 0 | 0 | 0 | 0 | 0 | 0.00 | 0 | 0 |